00392nam a2200169Ia 4500008004000000041000800040082001100048100001500059245003900074260005000113650001000163650001100173650001100184650000800195650001100203650000800214210210b1939 xxu||||| |||| 00| 0 eng d aeng a791/44 aRELE (V G) aYogic asanas for health and vigour aBombaybD B Taraporevala Sons & Companyc1939 aYogic avigour ahealth afor aasanas aand